[Event "FIN-ch rapid"]
[Site "Helsinki"]
[Date "2019.08.24"]
[Round "5"]
[White "Korjus, Marko"]
[Black "Linnossuo, Lauri"]
[Result "1-0"]
[WhiteElo "1771"]
[BlackElo "1645"]
[PlyCount "87"]
[EventDate "2019.08.24"]
[EventType "swiss (rapid)"]
[EventRounds "9"]
[EventCountry "FIN"]
[SourceTitle "EXT 2020"]
[Source "ChessBase"]
[SourceDate "2019.10.17"]
[SourceVersion "1"]
[SourceVersionDate "2019.10.17"]
[SourceQuality "1"]

1. d4 d5 2. c4 dxc4 3. e3 c5 4. Bxc4 cxd4 5. exd4 Nf6 6. Nc3 Nc6 7. Nf3 Rb8 8. Bf4 Ra8 9. d5 e5 10. Nxe5 Nxe5 11. Bxe5 Bd6 12. Bxd6 Qxd6 13. Qe2+ Kd8 14. 0-0 Re8 15. Qd2 Bd7 16. Rad1 Rc8 17. Nb5 Bxb5 18. Bxb5 Re5 19. Qa5+ Qb6 20. Qxb6+ axb6 21. b3 Ke7 22. d6+ Kd8 23. Bc4 Kd7 24. Bxf7 Rc6 25. f4 Re2 26. Rf2 Rxf2 27. Kxf2 Rxd6 28. Rxd6+ Kxd6 29. Kf3 h5 30. h3 b5 31. a4 bxa4 32. bxa4 b6 33. g4 Ke7 34. Bxh5 Nxh5 35. gxh5 Kf6 36. Ke4 Ke6 37. h4 Kf6 38. f5 Ke7 39. Ke5 Kf7 40. h6 gxh6 41. h5 Kf8 42. f6 Kf7 43. Kf5 Kf8 44. Kg6 1-0